000 00531nam a2200169Ia 4500
005 20250424120323.0
008 250424s9999 xx 000 0 und d
022 _a25367153
050 _aRB 37 .S65/
245 0 _aSokoto journal of medical laboratory science.[SJMLS]
260 _aSokoto, Nigeria
260 _bUsmanu danfodyo university,sokoto
260 _c2017
300 _a255 p. :ill. ; 29 cm.
650 _aMedical laboratory technology--Periodicals. Laboratories--Equipment and supplies--Periodicals.
942 _cSR
999 _c38643
_d38643